00277nam a22001097a 4500020001500000082001700015100001800032245005800050260003300108300001000141650001600151 a8186107398 aB262x54 T152 aTampi, B.J.K. aNationalism and secularism in the face of communalism aKeralabIntegral Booksc2018 a398p. aNationalism